[Event "AUTO-BEG-513"]
[Site "http://www.queenalice.com/game.php?id=1000487"]
[Date "2011.10.22"]
[Round "1"]
[White "Severynnas"]
[Black "Augustoadv"]
[Result "0-1"]
[WhiteElo "1378"]
[BlackElo "1636"]

1. d4 d5 2. Bg5 h6 3. Bf4 g5 4. Be3 e6 5. Nc3 Nc6 6. Qd3 Nge7 7. O-O-O e5 8.
dxe5 Nxe5 9. Qd2 Bf5 10. Nf3 Bg7 11. Nxe5 Bxe5 12. Nb5 c6 13. Bc5 cxb5 14. Be3
d4 15. Bxd4 Bxd4 16. e3 Bf6 17. Qxd8+ Rxd8 18. Re1 a6 19. g3 Be4 20. Bh3 Bxh1
21. Rxh1 O-O 22. f3 Rfe8 23. Bf5 Nxf5 24. g4 Nxe3 25. Re1 a5 26. c3 Rc8 27. Kd2
Nc4+ 28. Kd1 Rcd8+ 29. Kc1 Rxe1+ 30. Kc2 a4 31. b3 Rd2# 0-1

[Event "AUTO-BEG-513"]
[Site "http://www.queenalice.com/game.php?id=1000488"]
[Date "2011.10.22"]
[Round "1"]
[White "Augustoadv"]
[Black "Severynnas"]
[Result "1-0"]
[WhiteElo "1497"]
[BlackElo "1258"]

1. e4 e6 2. d4 Bb4+ 3. c3 Ba5 4. b4 Bb6 5. a4 Nf6 6. a5 Bxa5 7. Rxa5 Nxe4 8. Qg4
Nf6 9. Qxg7 Rf8 10. Bg5 Ke7 11. Bxf6+ Kd6 12. Qg3+ Kc6 13. Rc5+ Kb6 14. Bxd8
Rxd8 15. Qxc7# 1-0

[Event "AUTO-BEG-513"]
[Site "http://www.queenalice.com/game.php?id=1000495"]
[Date "2011.10.22"]
[Round "1"]
[White "Augustoadv"]
[Black "dan3"]
[Result "0-1"]
[WhiteElo "1616"]
[BlackElo "1280"]

1. e4 d5 2. e5 Be6 3. d4 Nc6 4. c3 f6 5. Nf3 fxe5 6. Nxe5 Nxe5 7. dxe5 g6 8. Qf3
Bh6 9. Bxh6 Nxh6 10. h3 Bf5 11. Nd2 O-O 12. O-O-O Bc2 13. Qe3 Bxd1 14. Kxd1 Nf5
15. Qg5 d4 16. g4 Ng7 17. Bc4+ Kh8 18. Kc2 dxc3 19. Ne4 cxb2 20. f4 Qd4 21. Bd3
Rad8 22. Rd1 Qa4+ 23. Kd2 Rxd3+ 0-1

[Event "AUTO-BEG-513"]
[Site "http://www.queenalice.com/game.php?id=1000496"]
[Date "2011.10.22"]
[Round "1"]
[White "dan3"]
[Black "Augustoadv"]
[Result "0-1"]
[WhiteElo "1249"]
[BlackElo "1643"]

1. e4 e5 2. Nc3 c6 3. Nf3 Bc5 4. d4 exd4 5. Nxd4 d5 6. e5 Qh4 7. Be3 Ne7 8. Nf3
Qb4 9. Bxc5 Qxc5 10. Na4 Qa5+ 11. c3 Nd7 12. b4 Qc7 13. Qd4 Nf5 14. Qf4 Nb6 15.
Nc5 f6 16. Bd3 g5 17. Qg4 h5 18. Qh3 g4 0-1

[Event "AUTO-INT-3613"]
[Site "http://www.queenalice.com/game.php?id=1635841"]
[Date "2020.12.9"]
[Round "1"]
[White "Denderlersidst"]
[Black "Augustoadv"]
[Result "1-0"]
[WhiteElo "1698"]
[BlackElo "1586"]

1. e4 e5 2. Nf3 d6 3. d4 f5 4. Nc3 Nf6 5. exf5 Bxf5 6. dxe5 Ng4 7. exd6 Bxd6 8.
h3 Qe7+ 9. Be2 Ne5 10. Nxe5 Bxe5 11. g4 Bxc3+ 12. bxc3 Be4 13. Rf1 Bg2 14. Rg1
Bxh3 15. Rg3 Qh4 16. Qd5 Nc6 17. Bg5 Ne7 18. Bxh4 Nxd5 19. Rxh3 O-O 20. Bc4 c6
21. Bxd5+ cxd5 22. O-O-O h6 23. Rxd5 g5 24. Bg3 Rf3 25. Rxh6 Rxc3 26. Rg6+ Kf7
27. Rgxg5 Rac8 28. Rd7+ Kf6 29. Rf5+ Ke6 30. Rxb7 Rxc2+ 31. Kb1 Rc1+ 32. Kb2
R1c2+ 33. Ka3 R2c3+ 34. Rb3 R3c4 35. Rb4 Rc3+ 36. Rb3 R3c4 37. Rb4 Rc3+ 38. Rb3
R3c4 39. Rf4 Rc3 40. Rxc3 Rxc3+ 41. Kb2 Rc5 42. Re4+ Kd5 43. Re5+ Kd4 44. Rxc5
Kxc5 45. g5 1-0

[Event "AUTO-INT-3613"]
[Site "http://www.queenalice.com/game.php?id=1635842"]
[Date "2020.12.9"]
[Round "1"]
[White "Augustoadv"]
[Black "Denderlersidst"]
[Result "0-1"]
[WhiteElo "1569"]
[BlackElo "1713"]

1. e4 e5 2. Nf3 Nf6 3. Nxe5 Nxe4 4. Qf3 Nf6 5. Bc4 Qe7 6. Bxf7+ Kd8 7. d4 d6 8.
Bg5 dxe5 9. Bxf6 gxf6 10. Qd5+ Nd7 11. Bh5 exd4+ 12. Be2 Qb4+ 13. Nd2 Qxb2 14.
Nb3 c5 15. O-O Qxc2 16. Bd1 Qg6 17. Nxc5 Bxc5 0-1

[Event "AUTO-INT-3613"]
[Site "http://www.queenalice.com/game.php?id=1635859"]
[Date "2020.12.9"]
[Round "1"]
[White "Augustoadv"]
[Black "altair"]
[Result "1-0"]
[WhiteElo "1623"]
[BlackElo "1689"]

1. e4 e5 2. Nf3 d6 3. d4 Nc6 4. d5 Nce7 5. Nc3 a6 6. Be3 h6 7. a4 Nf6 8. Bc4 c6
9. a5 cxd5 10. Bb6 Qd7 11. Bb3 dxe4 12. Ba4 Nc6 13. Nd2 Be7 14. Ncxe4 d5 15. Nc5
Bxc5 16. Bxc5 Qe6 17. h3 Bd7 18. Bb3 Ne7 19. O-O Ne4 20. Nxe4 Qg6 21. Nd6+ Kf8
22. Qf3 Kg8 23. Nxb7 e4 24. Qg3 Nf5 25. Qxg6 fxg6 26. Bxd5+ Kh7 27. g4 Nh4 28.
Bxe4 Bb5 29. Rfe1 Rac8 30. Be7 Rce8 31. Bxh4 Re6 32. Bd5 Rxe1+ 33. Rxe1 Rc8 34.
c3 h5 35. g5 Bc6 36. Bxc6 Rxc6 37. Rc1 Rc7 38. Nd6 Rd7 39. Bg3 Rc7 40. h4 Rc5
41. b4 Rd5 42. c4 Rd3 43. b5 axb5 44. cxb5 Kg8 45. b6 Rb3 46. b7 Kh7 47. Rc8 1-0

[Event "AUTO-INT-3613"]
[Site "http://www.queenalice.com/game.php?id=1635860"]
[Date "2020.12.9"]
[Round "1"]
[White "altair"]
[Black "Augustoadv"]
[Result "0-1"]
[WhiteElo "1751"]
[BlackElo "1601"]

1. e4 e5 2. Nf3 d6 3. h3 Nf6 4. d3 Nc6 5. a3 d5 6. b4 dxe4 7. dxe4 Qxd1+ 8. Kxd1
Nxe4 9. Be3 f5 10. Bc4 f4 11. Bxf4 Nxf2+ 12. Ke2 Nxh1 13. Nxe5 Nxe5 14. Bxe5 Bd6
15. Bxg7 Ng3+ 16. Kf3 b5 17. Bd5 Bg4+ 18. Kxg4 O-O-O 19. Bxh8 Rxh8 20. Nc3 a6
21. Bc6 Rg8+ 22. Kf3 Be5 23. Bd5 Rf8+ 24. Kg4 Bxc3 25. Be6+ Kb8 26. Rd1 Ne4 27.
Rd7 Nf6+ 28. Kg3 Nxd7 29. Bxd7 Be5+ 30. Kg4 Bb2 31. a4 Rd8 32. Bc6 Rd6 33. axb5
Rd4+ 34. Kf3 axb5 35. Bxb5 Rxb4 36. Bd3 h6 37. g4 Bc1 38. Kg3 c5 39. Kh4 c4 40.
Bf5 Rb1 41. c3 Bg5+ 42. Kh5 Rc1 43. h4 Bd2 44. g5 hxg5 45. hxg5 Rh1+ 46. Kg4
Rg1+ 47. Kh5 Rxg5+ 48. Kh4 Rxf5 49. Kg4 Rf1 0-1

[Event "AUTO-INT-3613"]
[Site "http://www.queenalice.com/game.php?id=1635861"]
[Date "2020.12.9"]
[Round "1"]
[White "Augustoadv"]
[Black "SCORPION77"]
[Result "1-0"]
[WhiteElo "1586"]
[BlackElo "1549"]

1. e4 e5 2. Nf3 d6 3. d3 Bg4 4. Be2 Nc6 5. c3 Nf6 6. Bg5 h6 7. Bxf6 Qxf6 8. h3
Bh5 9. Nbd2 Be7 10. Qc2 O-O 11. O-O-O a6 12. g4 Bg6 13. h4 Rfd8 14. g5 hxg5 15.
hxg5 Qf4 16. Rh4 Qxh4 17. Nxh4 Bh7 18. Rg1 g6 19. Nc4 b5 20. Ne3 Rd7 21. Bg4
Rdd8 22. Nf3 f6 23. Be6+ Kg7 24. Bd5 Nd4 25. cxd4 Ra7 26. Kb1 Rc8 27. Be6 Rf8
28. Nd5 Re8 29. Nxc7 Rf8 30. dxe5 dxe5 31. Nd5 Bd8 32. Qc5 Ra8 33. gxf6+ Bxf6
34. Nxf6 Kxf6 35. Qxe5+ Ke7 36. Bd5+ Kd8 37. Bxa8 Rxf3 38. Qh8+ Ke7 39. Qxh7+
Rf7 40. Qxg6 Rxf2 41. d4 a5 42. Qh6 Re2 43. Rg7+ Kd8 44. Qh8# 1-0

[Event "AUTO-INT-3613"]
[Site "http://www.queenalice.com/game.php?id=1635862"]
[Date "2020.12.9"]
[Round "1"]
[White "SCORPION77"]
[Black "Augustoadv"]
[Result "0-1"]
[WhiteElo "1583"]
[BlackElo "1569"]

1. e4 e5 2. Nf3 d6 3. Bc4 Nf6 4. d3 a6 5. Ng5 d5 6. exd5 b5 7. Bb3 h6 8. Ne4 a5
9. a3 Bf5 10. Nxf6+ Qxf6 11. Qf3 Ra6 12. O-O Nd7 13. Nc3 Rb6 14. Be3 Bc5 15.
Bxc5 Nxc5 16. Ba2 O-O 17. h3 Na4 18. Nxa4 bxa4 19. Rab1 Rfb8 20. b3 Bd7 21. Qxf6
gxf6 22. bxa4 Bxa4 23. Rxb6 Rxb6 24. c4 Bc2 25. d4 Rb2 26. Ra1 exd4 27. c5 d3
28. Kf1 d2 29. Ke2 Rxa2 30. Kxd2 Rxa1 31. Kxc2 Rxa3 32. d6 cxd6 33. cxd6 Kf8 34.
f4 Ke8 35. Kb2 Rd3 0-1

[Event "AUTO-INT-3643"]
[Site "http://www.queenalice.com/game.php?id=1644176"]
[Date "2021.2.19"]
[Round "1"]
[White "lelugri"]
[Black "Augustoadv"]
[Result "1-0"]
[WhiteElo "1578"]
[BlackElo "1632"]

1. c4 e5 2. Nc3 Nc6 3. Nf3 Bc5 4. g3 Nf6 5. Bg2 Ng4 6. e3 Nb4 7. O-O d6 8. Nd5
Bf5 9. Nxb4 Bxb4 10. a3 Ba5 11. b4 Bb6 12. d4 c5 13. dxc5 dxc5 14. Bb2 f6 15.
Qxd8+ Rxd8 16. Rad1 O-O 17. Rfe1 Be6 18. Nd2 Rd7 19. Ne4 Rfd8 20. Rxd7 Rxd7 21.
bxc5 Ba5 22. Rc1 Bd2 23. Rd1 Ba5 24. Rxd7 Bxd7 25. Bc3 Bd8 26. Nd6 f5 27. Bxb7
e4 28. h3 Nh6 29. c6 Be6 30. Be5 Bc7 31. c5 a5 32. Kg2 a4 33. Bd4 Nf7 34. Nxf7
Kxf7 35. f4 Bd5 36. Be5 Bxe5 37. fxe5 g5 38. h4 h6 39. Bc8 Be6 40. Bb7 Bd5 41.
hxg5 hxg5 42. Bc8 Be6 43. Bd7 Ke7 44. g4 fxg4 45. Bxe6 Kxe6 46. Kg3 1-0

[Event "AUTO-INT-3643"]
[Site "http://www.queenalice.com/game.php?id=1644177"]
[Date "2021.2.19"]
[Round "1"]
[White "Augustoadv"]
[Black "BobFicha"]
[Result "0-1"]
[WhiteElo "1644"]
[BlackElo "1749"]

1. e4 e5 2. Nf3 Nc6 3. Bc4 h6 4. O-O d6 5. d4 Bg4 6. Nbd2 Nxd4 7. c3 Nxf3+ 8.
Nxf3 h5 9. h3 Bxf3 10. Qxf3 Qf6 11. Qxf6 Nxf6 12. f3 c6 13. Rd1 b5 14. Bb3 a5
15. a4 b4 16. cxb4 axb4 17. a5 Nd7 18. Bd2 c5 19. Bd5 Ra7 20. Bc6 g6 21. a6 Kd8
22. Bb7 f6 23. Ra5 Kc7 24. Rda1 Be7 25. Rb5 Nb6 26. b3 Rd8 27. f4 Rb8 28. Raa5
Bd8 29. g3 Kd7 30. Bd5 Nxd5 31. Rxb8 Bxa5 32. Rb7+ Rxb7 33. axb7 Kc7 34. fxe5
dxe5 35. exd5 Kxb7 36. Bh6 Bd8 37. Bf8 Kb6 38. Kf2 e4 39. h4 Kb5 40. Ke3 f5 41.
Kf4 c4 0-1

[Event "AUTO-INT-3643"]
[Site "http://www.queenalice.com/game.php?id=1644178"]
[Date "2021.2.19"]
[Round "1"]
[White "BobFicha"]
[Black "Augustoadv"]
[Result "1-0"]
[WhiteElo "1703"]
[BlackElo "1658"]

1. e4 e5 2. Nf3 Nc6 3. Bc4 h6 4. d4 d6 5. dxe5 Bg4 6. h3 Bh5 7. exd6 Ne5 8. Be2
Bxf3 9. gxf3 Qxd6 10. Qxd6 Bxd6 11. Nc3 Ne7 12. f4 N5g6 13. e5 Bb4 14. Bd2 Bxc3
15. bxc3 Nd5 16. Bd3 Ndxf4 17. Bxg6 Nxg6 18. O-O-O Nxe5 19. Rhe1 f6 20. f4 O-O-O
21. fxe5 fxe5 22. Rxe5 Rhf8 23. Rg1 g5 24. Re6 Rd6 25. Rxd6 cxd6 26. h4 gxh4 27.
Bxh6 Rh8 28. Bf4 h3 29. Bxd6 Kd7 30. Bh2 Ke6 31. Rg7 Rf8 32. Rxb7 Rf1+ 33. Kb2
Rf2 34. Bc7 a5 35. Bb8 Kf6 36. Ra7 Kf5 37. Rf7+ 1-0